Philosophy : (Запис № 536285)
[ простий вигляд ]
| 000 -LEADER | |
|---|---|
| fixed length control field | 01509cam a2200361 a 4500 |
| 001 - CONTROL NUMBER | |
| control field | philosophybasici00klemrich |
| 003 - CONTROL NUMBER IDENTIFIER | |
| control field | CaSfIA |
| 005 - DATE AND TIME OF LATEST TRANSACTION | |
| control field | 20210118210117.0 |
| 007 - PHYSICAL DESCRIPTION FIXED FIELD--GENERAL INFORMATION | |
| fixed length control field | cr|||| |
| 008 - FIXED-LENGTH DATA ELEMENTS--GENERAL INFORMATION | |
| fixed length control field | 881006s1990 nyu b 001 0 eng |
| 010 ## - LIBRARY OF CONGRESS CONTROL NUMBER | |
| LC control number | 88063064 |
| 040 ## - CATALOGING SOURCE | |
| Original cataloging agency | DLC |
| Transcribing agency | DLC |
| Modifying agency | OCLCG |
| -- | YDXCP |
| -- | CaSfIA |
| 020 ## - INTERNATIONAL STANDARD BOOK NUMBER | |
| International Standard Book Number | 031202133X |
| 020 ## - INTERNATIONAL STANDARD BOOK NUMBER | |
| International Standard Book Number | 9780312021337 |
| 035 ## - SYSTEM CONTROL NUMBER | |
| System control number | (OCoLC)21294295 |
| 050 00 - LIBRARY OF CONGRESS CALL NUMBER | |
| Classification number | B29 |
| Item number | .P52559 1990 |
| 082 00 - DEWEY DECIMAL CLASSIFICATION NUMBER | |
| Classification number | 100 |
| Edition number | 20 |
| 029 1# - (OCLC) | |
| OCLC library identifier | AU@ |
| System control number | 000007258399 |
| 245 00 - TITLE STATEMENT | |
| Title | Philosophy : |
| Medium | [electronic resource] |
| Remainder of title | the basic issues / |
| Statement of responsibility, etc | edited by E.D. Klemke, A. David Kline, Robert Hollinger. |
| 250 ## - EDITION STATEMENT | |
| Edition statement | 3rd ed. |
| 260 ## - PUBLICATION, DISTRIBUTION, ETC. (IMPRINT) | |
| Place of publication, distribution, etc | New York : |
| Name of publisher, distributor, etc | St. Martin's Press, |
| Date of publication, distribution, etc | c1990. |
| 300 ## - PHYSICAL DESCRIPTION | |
| Extent | x, 598 p. ; |
| Dimensions | 24 cm. |
| 504 ## - BIBLIOGRAPHY, ETC. NOTE | |
| Bibliography, etc | Includes bibliographical references and index. |
| 506 ## - RESTRICTIONS ON ACCESS NOTE | |
| Standardized terminology for access restriction | Необхідна авторизація на https://archive.org/ (створення облікового запису безкоштовно) |
| 506 ## - RESTRICTIONS ON ACCESS NOTE | |
| Standardized terminology for access restriction | Необхідна авторизація на https://openlibrary.org/ (створення облікового запису безкоштовно) |
| 650 #0 - SUBJECT ADDED ENTRY--TOPICAL TERM | |
| Topical term or geographic name as entry element | Philosophy. |
| 700 1# - ADDED ENTRY--PERSONAL NAME | |
| Personal name | Klemke, E. D. |
| Fuller form of name | (Elmer Daniel), |
| Dates associated with a name | 1926-2000. |
| 700 1# - ADDED ENTRY--PERSONAL NAME | |
| Personal name | Kline, A. David. |
| 700 1# - ADDED ENTRY--PERSONAL NAME | |
| Personal name | Hollinger, Robert. |
| 856 41 - ELECTRONIC LOCATION AND ACCESS | |
| Uniform Resource Identifier | <a href="http://www.archive.org/details/philosophybasici00klemrich">http://www.archive.org/details/philosophybasici00klemrich</a> |
| Public note | Free eBook from the Internet Archive |
| 856 42 - ELECTRONIC LOCATION AND ACCESS | |
| Uniform Resource Identifier | <a href="http://www.openlibrary.org/books/OL2065950M">http://www.openlibrary.org/books/OL2065950M</a> |
| Public note | Additional information and access via Open Library |
| 942 ## - ADDED ENTRY ELEMENTS (KOHA) | |
| Koha item type | ЕКнига |
Немає доступних примірників.